[Event "World Team-ch 2017"]
[Site "Khanty-Mansyisk"]
[Date "2017.06.17"]
[Round "1"]
[White "Ding, Liren"]
[Black "Zhigalko, Sergei"]
[Result "1/2-1/2"]
[WhiteElo "2783"]
[BlackElo "2635"]
[Annotator "TA"]
[PlyCount "81"]
[EventDate "2017.??.??"]
[EventType "team-tourn"]
[EventCountry "RUS"]
[SourceTitle "playchess.com"]
[Source "ChessBase"]
[SourceQuality "1"]
[WhiteTeam "CHN"]
[BlackTeam "BLR"]
[WhiteTeamCountry "CHN"]
[BlackTeamCountry "BLR"]

{[%evp 19,81,8,13,8,4,0,20,18,21,21,34,31,39,31,31,17,22,19,31,25,31,31,31,31,31,31,31,31,31,31,31,31,29,25,25,25,22,5,8,0,0,0,0,-13,0,0,0,0,0,0,0,0,0,0,0,0,0,0,0,0,0,0,0,0]} 1. Nf3 Nf6 2. c4 e6 3. g3 d5 4. d4 Bb4+ 5. Bd2 Be7 6. Bg2 O-O 7. O-O c6 8. Qc2 b6 9. Rd1 Nbd7 10. b3 Ba6 11. Bc1 {E15: Queen's Indian: 4 g3 sidelines, 4 g3 Ba6 and 4 g3 Bb7 early deviations} (11. Bf4 Nh5 12. Bc1 Nhf6 13. Bf4 Nh5 14. Bc1 Nhf6 15. Bf4 Rc8 16. Nc3 Nh5 17. Bc1 Nhf6 18. Bf4 h6 19. e4 dxc4 20. Nd2 b5 21. bxc4 bxc4 22. Bf1 Nb6 23. a4 g5 24. Be3 Ng4 25. a5 Nxe3 26. fxe3 Nd7 27. Bxc4 Bb5 {0-1 (63) Wojtaszek,R (2749)-Karjakin,S (2785) Doha 2016}) 11... Rc8 12. Bb2 Ne4 13. Nc3 $146 ({Predecessor:} 13. Nbd2 f5 14. a4 Qe8 15. Ba3 Bxa3 16. Rxa3 Qh5 17. b4 c5 18. dxc5 bxc5 {½-½ (41) Li,X (2170)-Nguyen,V (2413) Ho Chi Minh City 2017}) 13... Nxc3 14. Qxc3 Bd6 15. Qc2 f5 16. e3 Bb7 17. Rac1 Qe7 18. Ne1 a5 19. Nd3 Ra8 20. a4 Rfc8 21. Qe2 Rab8 22. Rc2 Ba6 23. Rdc1 Nf6 24. Qe1 Nd7 25. Nf4 Re8 26. cxd5 cxd5 27. Bf1 {[%cal Bg2f1,Bf1b5,Bb5c6][%mdl 32]} Bb7 28. Bb5 {The position is equal.} Rec8 29. Bc6 {Nxd5! is the strong threat.} Ba6 30. Qd1 Nf6 31. Nd3 Bxd3 32. Qxd3 Rc7 33. Bb5 Rbc8 34. Ba6 Rxc2 35. Rxc2 Rxc2 36. Qxc2 Qc7 37. Qxc7 Bxc7 38. Ba3 g5 {[%cal Bg7g5,Bg5g4][%mdl 32]} 39. f3 g4 40. Be7 Kf7 41. Bxf6 $1 {Precision: White = 69%, Black = 83%.} 1/2-1/2

[Event "World Team-ch 2017"]
[Site "Khanty-Mansyisk"]
[Date "2017.06.17"]
[Round "1"]
[White "Wei, Yi"]
[Black "Aleksandrov, Aleksej"]
[Result "1-0"]
[WhiteElo "2728"]
[BlackElo "2565"]
[Annotator "TA"]
[PlyCount "103"]
[EventDate "2017.??.??"]
[EventType "team-tourn"]
[EventCountry "RUS"]
[SourceTitle "playchess.com"]
[Source "ChessBase"]
[SourceQuality "1"]
[WhiteTeam "CHN"]
[BlackTeam "BLR"]
[WhiteTeamCountry "CHN"]
[BlackTeamCountry "BLR"]

{[%evp 10,103,12,-14,23,16,22,14,14,6,18,22,33,0,29,6,6,9,17,10,24,9,18,8,11,11,34,8,9,0,0,0,2,0,138,132,126,143,151,149,129,147,132,105,102,95,135,136,135,129,222,213,208,207,206,179,220,205,254,235,243,233,234,240,243,241,235,239,225,230,237,236,252,252,269,275,327,334,322,233,229,221,456,448,739,572,722,577,694,683,883,883,855,845,1711,1689]} 1. d4 Nf6 2. Bf4 d5 3. e3 c5 4. Nd2 (4. c3 e6 5. Nf3 Nc6 6. Nbd2 cxd4 7. exd4 Nh5 8. Bg5 f6 9. Be3 Bd6 10. Bb5 O-O 11. O-O a6 12. Ba4 Bd7 13. Ne1 Nf4 14. g3 Nh3+ {1-0 (52) Karjakin,S (2781)-Nakamura,H (2785) Stavanger 2017}) 4... Nc6 5. c3 Qb6 6. Qc2 {LiveBook: 13 Games. D00: 1 d4 d5: Unusual lines} Bg4 7. dxc5 Qxc5 8. Ngf3 {The position is equal.} a6 $146 ({Predecessor:} 8... e6 9. Qb3 Bd6 10. Qxb7 Rb8 11. Bxd6 Qxd6 12. Qa6 O-O 13. Bb5 Rb6 14. Qa4 {½-½ (25) Wirthensohn,H (2336)-Lutz,B (2325) Lindau 2012}) 9. h3 Bh5 10. b4 Qb6 11. Qa4 Nd7 12. Bg3 Bxf3 13. Nxf3 e6 14. Bd3 Be7 15. O-O O-O 16. Rab1 h6 17. a3 Rfc8 18. Rfd1 Nf6 19. Qb3 a5 20. Rbc1 Rd8 21. Qb1 Bd6 (21... axb4 $11 22. cxb4 Rdc8) 22. Bxd6 $16 Rxd6 23. c4 $1 {[%cal Rc4c5] And now c5 would win.} dxc4 {[#]} 24. Bh7+ $1 {[%mdl 512]} Nxh7 25. Rxd6 Qc7 26. Rcd1 {aiming for Rd7.} axb4 27. axb4 {[%cal Ba3b4,Bb4b5,Bb5b6][%mdl 32]} Nf8 {[#]} 28. b5 $1 {[%cal Rb5c6]} Ne7 29. b6 $36 {[%mdl 2048] White is on the roll.} Qc5 (29... Qc8 $16 {is a better defense.}) 30. Rd8 $18 Rxd8 31. Rxd8 Nd5 32. Rb8 c3 33. Nd4 e5 34. Nc2 Qc6 35. Qb3 Nxb6 36. Qb4 Nbd7 37. Rxb7 Qd5 {White must now prevent ...Qd1+.} 38. Qb1 Qd2 {[#]} 39. Rc7 $1 g6 40. Qb3 Qd1+ 41. Kh2 Qf1 42. f3 {[%cal Bf2f3,Bf3f4][%mdl 32]} (42. Rxc3 $6 Qxf2 43. Rc7 Kg7 $16) 42... e4 43. f4 ({Much less strong is} 43. fxe4 Qd3 $18) 43... g5 44. Qc4 ({Don't do} 44. Qxc3 $6 gxf4 45. Qc4 Qd3 $18) 44... Qf2 45. Qxe4 {Strongly threatening Rc8.} g4 $2 (45... Nf6 {keeps fighting.} 46. Qe7 N8d7 47. Rxc3 Kg7 48. fxg5 hxg5) 46. hxg4 {White is clearly winning.} Nf6 (46... Qh4+ $142 47. Kg1 Qxg4) 47. Qf5 Qh4+ 48. Kg1 Ne6 49. Re7 Kf8 50. Ra7 Nd8 51. Qc5+ Kg8 52. Qe7 {Precision: White = 71%, Black = 41%.} 1-0

[Event "World Team-ch 2017"]
[Site "Khanty-Mansyisk"]
[Date "2017.06.17"]
[Round "1"]
[White "Vitiugov, Nikita"]
[Black "Fawzy, Adham"]
[Result "1-0"]
[WhiteElo "2720"]
[BlackElo "2418"]
[Annotator "TA"]
[PlyCount "85"]
[EventDate "2017.??.??"]
[EventType "team-tourn"]
[EventCountry "RUS"]
[SourceTitle "playchess.com"]
[Source "ChessBase"]
[SourceQuality "1"]
[WhiteTeam "RUS"]
[BlackTeam "EGY"]
[WhiteTeamCountry "RUS"]
[BlackTeamCountry "EGY"]

{[%evp 15,85,33,22,24,34,33,39,32,44,38,51,33,57,43,51,36,49,16,16,14,18,11,7,10,28,10,69,76,78,73,103,62,238,230,235,241,227,234,212,235,263,272,266,275,278,281,272,277,269,270,277,277,272,269,262,187,252,249,318,315,488,510,641,545,29980,29981,29981,29982,29982,29983,29983,29983]} 1. d4 Nf6 2. c4 e6 3. Nf3 b6 4. g3 Bb7 5. Bg2 Bb4+ 6. Bd2 a5 7. O-O O-O 8. Bf4 Be7 9. Qc2 {E16: Queen's Indian: 4 g3 Bb7 5 Bg2 Bb4+} Be4 10. Qc1 Bb7 11. Nc3 {White is slightly better.} Ne4 12. Nb5 $146 {Threatens to win with Nd2.} ({Predecessor:} 12. Rd1 d6 13. Nxe4 Bxe4 14. Qe3 Bb7 {½-½ (27) Yilmaz,M (2630)-Tomashevsky,E (2696) Minsk 2017}) 12... Na6 13. Ng5 d5 {[%cal Re4g5]} 14. Nxe4 dxe4 15. Rd1 f5 16. d5 exd5 17. cxd5 {[%cal Rb5c7]} Bd6 18. Nxd6 cxd6 19. Qe3 Rc8 (19... h6 $5 {[%cal Rg7g5]}) 20. a3 b5 (20... h6 $11) 21. Rac1 $14 Rxc1 22. Rxc1 a4 23. f3 Re8 $2 (23... Nc5 $14) 24. Qa7 Qa8 25. Qxa8 Bxa8 26. fxe4 (26. Bxd6 $6 Bxd5 27. fxe4 fxe4 $16) 26... fxe4 27. Bxe4 ({Much less strong is} 27. Bxd6 Bxd5 28. Rd1 Bc4) 27... Rxe4 28. Rc8+ Kf7 29. Rxa8 $18 {[%mdl 4096] Endgame KRB-KRN} Nc5 30. Bxd6 Nd7 31. Ra7 Ke8 32. Kf2 Rd4 {[#]} 33. Bb4 $1 ({Resist} 33. Ra8+ $6 Kf7 $18) 33... Rxd5 34. e4 Rh5 35. Kg2 Re5 (35... g5 $142 36. h3 Rh6 37. Ra8+ Kf7) 36. Kf3 Rh5 37. h4 g5 (37... Re5 {keeps fighting.} 38. Rb7 Re6 39. Rxb5 Rf6+ 40. Kg2 Ra6) 38. Kg4 Nf6+ 39. Kf5 gxh4+ {[#]} 40. Ke6 $1 {[%cal Ra7a8] White mates.} Kd8 41. Bd6 {[%cal Ra7a8]} Kc8 42. Rc7+ Kd8 43. Rb7 {Precision: White = 88%, Black = 41%.} 1-0

[Event "World Team-ch 2017"]
[Site "Khanty-Mansyisk"]
[Date "2017.06.17"]
[Round "1"]
[White "Korobov, Anton"]
[Black "Yilmaz, Mustafa"]
[Result "1/2-1/2"]
[WhiteElo "2711"]
[BlackElo "2630"]
[Annotator "TA"]
[PlyCount "46"]
[EventDate "2017.??.??"]
[EventType "team-tourn"]
[EventCountry "RUS"]
[SourceTitle "playchess.com"]
[Source "ChessBase"]
[SourceQuality "1"]
[WhiteTeam "UKR"]
[BlackTeam "TUR"]
[WhiteTeamCountry "UKR"]
[BlackTeamCountry "TUR"]

{[%evp 21,46,19,15,21,18,7,16,8,14,6,7,0,0,0,0,0,0,0,0,0,0,0,0,0,0,0,0]} 1. d4 d5 2. c4 e6 3. Nc3 Nf6 4. cxd5 exd5 5. Bg5 c6 6. e3 Be7 7. Bd3 Nbd7 8. Qc2 Nh5 9. Bxe7 Qxe7 10. Nge2 g6 11. O-O O-O {The position is equal.} 12. Rab1 {D36: Queen's Gambit Declined: Exchange Variation: Main line (5 Bg5 c6 6 Qc2)} (12. Rae1 Nb6 13. Nc1 Ng7 14. f3 Bf5 15. e4 Be6 16. Nb3 dxe4 17. fxe4 Rad8 18. Ne2 Bxb3 19. Qxb3 Ne6 {0-1 (45) Wojtaszek,R (2727)-Wang,H (2717) Huaian 2016}) 12... a5 13. Rbe1 Nb6 14. Nc1 Ng7 $146 ({Predecessor:} 14... f5 15. f3 Be6 16. Nb3 Nd7 17. a3 Kh8 18. Rf2 Qd6 19. Qd1 {½-½ (50) Dao,T (2480)-Ciric,D (2370) Budapest 1995}) 15. f3 Bf5 16. e4 dxe4 17. fxe4 Be6 18. Qf2 {[#] Hoping for d5.} f5 19. exf5 Nxf5 20. Nb3 Ng7 21. Qe3 Rxf1+ 22. Rxf1 Re8 23. Nc5 Bf5 {Precision: White = 60%, Black = 100%.} 1/2-1/2

[Event "World Team-ch 2017"]
[Site "Khanty-Mansyisk"]
[Date "2017.06.17"]
[Round "1"]
[White "Fedoseev, Vladimir"]
[Black "Farahat, Ali"]
[Result "1-0"]
[WhiteElo "2703"]
[BlackElo "2402"]
[Annotator "TA"]
[PlyCount "125"]
[EventDate "2017.??.??"]
[EventType "team-tourn"]
[EventCountry "RUS"]
[SourceTitle "playchess.com"]
[Source "ChessBase"]
[SourceQuality "1"]
[WhiteTeam "RUS"]
[BlackTeam "EGY"]
[WhiteTeamCountry "RUS"]
[BlackTeamCountry "EGY"]

{[%evp 12,125,11,0,0,0,0,-5,-8,-10,0,0,0,0,0,0,12,-25,2,0,16,15,39,33,53,54,41,38,60,54,62,45,58,48,50,0,68,77,89,83,100,103,100,100,108,103,188,140,129,127,127,132,262,257,256,145,157,152,164,158,152,156,180,185,184,180,180,183,172,131,296,294,351,225,358,327,321,8,8,8,8,8,406,428,575,521,628,775,762,731,715,715,653,582,804,776,2018,1835,2060,1559,1740,1496,1993,2010,1754,1752,11728,7492,7818,8153,8153,8153,7102,6093,5421,5409]} 1. d4 Nf6 2. c4 e6 3. Nc3 Bb4 4. e3 O-O 5. Nge2 d5 6. a3 Bd6 7. Ng3 b6 {E46: Nimzo-Indian: Rubinstein: 4 e3 0-0 5 Ne2 without early Bd3} 8. Be2 Ba6 9. cxd5 $146 ({Predecessor:} 9. e4 Nxe4 10. Ngxe4 dxe4 11. Nxe4 Nc6 12. Be3 f5 13. Nxd6 Qxd6 14. f4 Rad8 15. Qa4 Nxd4 {0-1 (64) Fier,A (2601)-Eljanov,P (2727) Reykjavik 2015}) 9... Bxe2 {The position is equal.} 10. Qxe2 exd5 11. Nf5 Re8 12. Nxd6 Qxd6 13. O-O c6 (13... Nc6 $5 {[%cal Rc6d4]}) 14. Bd2 {[%cal Bc1d2,Bd2e1,Be1f2][%mdl 32]} Nbd7 15. f3 Nf8 16. Be1 Re6 17. Bf2 Rae8 18. Qd3 Ng6 19. Rac1 h5 20. Rfe1 h4 21. Qf5 c5 22. Rcd1 Qc6 23. Re2 cxd4 (23... h3 $11) 24. Rxd4 $14 Re5 25. Qc2 Qe6 26. h3 Nh5 27. Qa4 Re7 28. Re1 Ng3 (28... Nf6 $16 {was worth a try.}) 29. Qd1 {Black must now prevent f4.} Nf5 30. Rxd5 Rxd5 31. Qxd5 Ne5 (31... Qxd5 $16 32. Nxd5 Rd7) 32. e4 $18 Ng3 33. Qxe6 ({White should play} 33. f4 $1 $18 {[%cal Rf4e5]} Nc6 34. Qg5) 33... Rxe6 34. Rd1 Nc4 35. Rd8+ Kh7 36. Rd7 Nxb2 37. Bxg3 hxg3 $16 {[%mdl 4096] Endgame [#] KRN-KRN} 38. Ne2 $1 ({Don't take} 38. Rxf7 Rd6 $16) 38... a5 39. Rxf7 Nc4 40. Nxg3 Nxa3 $2 (40... Kg8 $16 {was called for.} 41. Rd7 Nxa3) 41. Nf5 $18 b5 42. Rxg7+ Kh8 43. g4 Nc4 44. Rb7 $2 ({White should try} 44. g5 $18 Nd6 45. Ra7 Nxf5 46. exf5) 44... Rb6 $11 45. Rxb6 Nxb6 {KN-KN} 46. Kf2 {Strongly threatening Nd4.} Nc4 $2 {[%mdl 8192]} (46... b4 $11 {and Black is okay.} 47. Ke2 a4) 47. Ne3 $18 a4 {And now ...Nxe3 would win.White is clearly winning.} 48. Nc2 a3 49. Ke2 a2 50. f4 {[%cal Bf3f4,Bf4f5][%mdl 32]} b4 51. Na1 Na5 52. Kd3 Kg7 53. e5 {[%cal Be4e5,Be5e6][%mdl 32]} Kf7 54. f5 Ke7 55. e6 Kd6 56. Kd4 Ke7 57. g5 b3 58. Kc3 b2 59. Kxb2 Nc4+ 60. Kxa2 Nd6 {[#]} 61. f6+ $1 Kxe6 62. Nc2 Kf5 63. h4 {Precision: White = 84%, Black = 39%.} 1-0

[Event "World Team-ch 2017"]
[Site "Khanty-Mansyisk"]
[Date "2017.06.17"]
[Round "1"]
[White "Duda, Jan-Krzysztof"]
[Black "Adhiban, B."]
[Result "1-0"]
[WhiteElo "2697"]
[BlackElo "2670"]
[Annotator "TA"]
[PlyCount "131"]
[EventDate "2017.??.??"]
[EventType "team-tourn"]
[EventCountry "RUS"]
[SourceTitle "playchess.com"]
[Source "ChessBase"]
[SourceQuality "1"]
[WhiteTeam "POL"]
[BlackTeam "IND"]
[WhiteTeamCountry "POL"]
[BlackTeamCountry "IND"]

{[%evp 23,131,0,12,0,0,0,0,-8,-8,-10,25,12,25,6,25,25,26,18,26,19,35,28,35,35,35,35,35,35,47,35,40,39,47,39,46,39,39,33,22,19,47,21,34,33,20,20,34,33,62,70,68,65,70,55,73,50,54,54,85,107,111,112,111,72,67,47,96,66,80,50,149,150,143,143,182,188,194,191,192,187,417,404,415,392,392,389,816,799,709,575,575,588,805,775,665,660,1359,1154,5214,1038,29962,10060,29980,29981,29981,29982,29982,29982,29982,29983]} 1. d4 d5 2. c4 c6 3. Nc3 Nf6 4. e3 e6 5. Nf3 Nbd7 6. Qc2 Bd6 7. Bd3 O-O 8. O-O dxc4 9. Bxc4 e5 10. h3 Qe7 11. Bb3 Bc7 12. Bd2 {D46: Semi-Slav: 5 e3 Nbd7 6 Bd3, Black avoids the Meran} h6 {LiveBook: 30 Games} 13. Rad1 $146 ({Predecessor:} 13. Nh4 Rd8 14. Nf5 Qf8 15. Rfe1 Nb6 16. Rad1 exd4 17. exd4 Nbd5 18. Qd3 Bxf5 19. Qxf5 Qd6 {½-½ (34) Kraemer,M (2520)-Buhmann,R (2594) Austria 2013}) 13... Re8 14. Nh4 {The position is equal.} Nf8 15. Nf5 Bxf5 16. Qxf5 e4 17. h4 Rad8 18. a3 Qd7 (18... N8d7 {is interesting.} 19. g3 Nb6 20. f3 Qd6 21. Be1 Nbd5) 19. Qxd7 N8xd7 20. g3 Nb6 21. Kg2 h5 22. Rc1 g6 23. Rc2 Re7 24. Ba2 Bd6 25. Rb1 Red7 26. b4 Bf8 27. Kf1 a6 28. Ke2 Kg7 29. Be1 Re8 30. Rbb2 Ng4 31. Nb1 {[%cal Bc3b1,Bb1d2,Bd2b3,Bb3a5][%mdl 32]} f5 32. Bb3 Nf6 33. Nd2 Nfd5 34. Rb1 Kf6 35. Ba2 g5 36. hxg5+ Kxg5 37. Nb3 Nf6 38. Bd2 Rh7 39. Na5 Ree7 40. Rh1 h4 41. gxh4+ Rxh4 42. Rxh4 Kxh4 43. Rc1 Kg5 44. Rh1 {Threatens to win with Rh8.} Bg7 45. Nb3 Nbd5 46. Nc5 f4 ({Black should try} 46... Bh6 $14) 47. Rg1+ $16 Kf5 48. exf4 {[%csl Gd2,Gf4][%cal Rg1g5]} Bh6 49. Bb1 $1 b6 50. Nxe4 $1 {Hoping for Kd1.} (50. Nxa6 Bxf4 51. f3 Bxd2 $11) 50... Bxf4 ({Of course not} 50... Rxe4+ 51. Kd1 $18) 51. Kd1 Bxd2 $2 {[#]} (51... Nxe4 {was worth a try.} 52. f3 Bxd2 53. fxe4+ (53. Bxe4+ Ke6 $16) 53... Kf4) 52. Ng5+ $1 $18 ({Less strong is} 52. Nxd2+ Kf4 $16) 52... Ne4 53. Bxe4+ Rxe4 54. Nxe4 Kxe4 $2 (54... Bf4 55. Ng3+ Ke6) 55. Kxd2 Kxd4 {[%mdl 4096] Endgame KR-KN} 56. Rg4+ Ke5 57. Rg6 Nf6 58. Kd3 Kf5 59. Rg7 Ng4 60. Kd4 Ne5 {[#]} 61. Ra7 (61. Rg5+ $142 $3 {[%mdl 512]} Kxg5 62. Kxe5) 61... c5+ 62. bxc5 Nc6+ 63. Kd5 {White mates.} Nxa7 64. cxb6 {[%cal Bc5b6,Bb6b7][%mdl 32]} Nc8 65. b7 Ne7+ 66. Kc5 {Precision: White = 67%, Black = 34%.} 1-0

[Event "World Team-ch 2017"]
[Site "Khanty-Mansyisk"]
[Date "2017.06.17"]
[Round "1"]
[White "Vidit, Santosh Gujrathi"]
[Black "Wojtaszek, Radoslaw"]
[Result "1-0"]
[WhiteElo "2692"]
[BlackElo "2730"]
[Annotator "TA"]
[PlyCount "53"]
[EventDate "2017.??.??"]
[EventType "team-tourn"]
[EventCountry "RUS"]
[SourceTitle "playchess.com"]
[Source "ChessBase"]
[SourceQuality "1"]
[WhiteTeam "IND"]
[BlackTeam "POL"]
[WhiteTeamCountry "IND"]
[BlackTeamCountry "POL"]

{[%evp 9,53,12,5,-1,0,0,0,-2,11,11,37,40,31,33,38,31,37,33,39,34,34,17,31,12,37,33,41,37,149,138,195,188,222,234,274,268,275,274,308,299,285,298,410,381,405,354]} 1. Nf3 d5 2. g3 Nf6 3. Bg2 e6 4. O-O Be7 5. c4 O-O 6. Ne5 {A14: English Opening: 1...e6 with b3 by White} (6. b3 b6 7. Bb2 Bb7 8. e3 c5 9. Nc3 dxc4 10. bxc4 Nc6 11. Qe2 Rc8 12. Ne1 Qd7 13. f4 Rfd8 14. Rd1 Na5 15. Bxb7 Qxb7 16. d3 a6 17. a4 Ne8 18. f5 Bf6 19. fxe6 fxe6 {0-1 (49) Giri,A (2771)-So,W (2812) Stavanger 2017}) 6... c5 7. cxd5 exd5 8. e3 {[%cal Be2e3,Be3d4][%mdl 32] The position is equal.} Qd6 $146 ({Predecessor:} 8... Nc6 9. f4 Qc7 10. d4 cxd4 11. Nxc6 bxc6 12. exd4 c5 13. dxc5 Bxc5+ 14. Kh1 Ne4 15. Bxe4 dxe4 16. Qe2 e3 17. h4 Qc6+ 18. Qg2 Qa6 19. Qc2 Qxf1+ {0-1 (19) Kucera,B-Kulhanek,T Cesky Brod 1996}) 9. d4 cxd4 10. exd4 Be6 11. Nc3 {[%cal Bb1c3,Bc3a4,Ba4c5][%mdl 32]} Qb6 12. Re1 Nc6 13. Na4 Qd8 14. Nxc6 bxc6 15. Bf4 Re8 16. Rc1 Bd7 17. Nc5 Bf5 18. Re5 $36 {[%mdl 2048] White has the initiative.} Bc8 {[#]} (18... Bg4 $14 19. f3 Bc8) 19. Qa4 $1 $16 Bd7 (19... Nd7 $16 {was necessary.}) 20. Nxd7 $18 Nxd7 21. Re2 ({Worse is} 21. Rxc6 Nxe5 22. dxe5 Qd7 $11) 21... g5 22. Bd2 Nb6 23. Qxc6 {[#] aiming for Rce1.} Rc8 24. Qh6 {Hoping for Rce1.} Rxc1+ 25. Bxc1 f6 26. Bh3 {Intending Bf5 and mate.} Bf8 27. Rxe8 {Precision: White = 78%, Black = 32%.} 1-0

[Event "World Team-ch 2017"]
[Site "Khanty-Mansyisk"]
[Date "2017.06.17"]
[Round "1"]
[White "Shankland, Samuel L"]
[Black "Tari, Aryan"]
[Result "1/2-1/2"]
[WhiteElo "2676"]
[BlackElo "2593"]
[Annotator "TA"]
[PlyCount "39"]
[EventDate "2017.??.??"]
[EventType "team-tourn"]
[EventCountry "RUS"]
[SourceTitle "playchess.com"]
[Source "ChessBase"]
[SourceQuality "1"]
[WhiteTeam "USA"]
[BlackTeam "NOR"]
[WhiteTeamCountry "USA"]
[BlackTeamCountry "NOR"]

{[%evp 11,39,19,16,18,18,16,28,8,13,0,8,5,9,5,25,-12,-16,-16,-15,-15,-15,-25,-17,-16,-18,-28,-9,-6,-6,-13]} 1. e4 e5 2. Nf3 Nc6 3. Bc4 Bc5 4. O-O Nf6 5. d3 a6 6. c3 Ba7 7. a4 {C54: Giuoco Piano: 4 c3 Nf6, main lines with 5 d4 and 5 d3} d6 8. Re1 O-O (8... h6 9. Be3 Bxe3 10. Rxe3 O-O 11. Nbd2 Re8 12. d4 exd4 13. cxd4 Bg4 14. Qb3 Qd7 {0-1 (69) Kramnik,V (2811)-Mamedyarov,S (2772) Shamkir 2017}) 9. h3 {White has an edge.} b5 10. Bb3 b4 11. a5 $146 ({Predecessor:} 11. Be3 bxc3 12. bxc3 Bxe3 13. Rxe3 Rb8 14. Nbd2 Na5 15. Ba2 Qe7 {1-0 (24) Salati,P (2222)-Zholob,A (2265) ICCF email 2013}) 11... Rb8 12. Nbd2 Be6 13. Bc4 (13. Ba4 {is more complex.} Bd7 14. Qc2 h6 15. Nc4 Qe8 16. Be3) 13... Qc8 14. Bxe6 Qxe6 15. Nc4 Rb5 16. Be3 Bxe3 17. Nxe3 bxc3 18. bxc3 Rxa5 19. Rxa5 Nxa5 20. Qa4 {Precision: White = 70%, Black = 67%.} 1/2-1/2

[Event "World Team-ch 2017"]
[Site "Khanty-Mansyisk"]
[Date "2017.06.17"]
[Round "1"]
[White "Akobian, Varuzhan"]
[Black "Elsness, Frode"]
[Result "1-0"]
[WhiteElo "2673"]
[BlackElo "2466"]
[Annotator "TA"]
[PlyCount "135"]
[EventDate "2017.??.??"]
[EventType "team-tourn"]
[EventCountry "RUS"]
[SourceTitle "playchess.com"]
[Source "ChessBase"]
[SourceQuality "1"]
[WhiteTeam "USA"]
[BlackTeam "NOR"]
[WhiteTeamCountry "USA"]
[BlackTeamCountry "NOR"]

{[%evp 19,135,5,11,0,30,19,23,23,37,31,33,31,29,29,33,18,26,21,25,24,28,14,12,0,0,0,1,0,0,0,0,-9,0,-16,-6,-15,0,-23,0,-10,0,-22,-14,-23,-21,-27,21,21,21,21,21,0,21,0,21,16,21,15,21,15,40,22,22,22,22,22,23,23,24,22,24,17,18,10,78,78,78,78,97,77,97,97,97,97,98,90,152,112,142,100,100,81,91,89,93,93,93,91,102,85,82,73,151,88,168,156,205,208,230,104,291,107,175,164,1024,356,339,306]} 1. d4 Nf6 2. c4 e6 3. Nc3 Bb4 4. Nf3 d5 5. cxd5 exd5 6. Qa4+ Nc6 7. Bg5 h6 8. Bxf6 Qxf6 9. e3 O-O 10. Rc1 Qg6 11. Qd1 {D38: Queen's Gambit Declined: Ragozin Defence (4 Nf3 Bb4)} Re8 $146 ({Predecessor:} 11... Be6 12. h3 a6 13. Bd3 Qf6 14. O-O Rfd8 15. Na4 Bd6 16. Nc5 Bc8 17. Kh1 Ne7 18. e4 Bxc5 {1-0 (35) Bologan,V (2640)-Fressinet,L (2672) Doha 2016}) 12. a3 Bxc3+ 13. Rxc3 {White has an edge.} Bd7 14. h3 Qd6 15. Bd3 Ne7 16. Ne5 Be6 17. Qc2 c6 18. O-O f6 19. Nf3 Qd7 20. Rc1 Bf5 21. Ne1 Bxd3 22. Nxd3 Nc8 {[%cal Be7c8,Bc8d6,Bd6e4][%mdl 32]} 23. b4 Nd6 24. a4 a6 25. Rb3 (25. Nc5 $5 {[%cal Rc5d7]} Qf7 26. Qe2 $11) 25... Qf7 26. Qb1 Re7 27. Nf4 Rd8 28. Rc5 Ne4 29. Rc2 $1 Nd6 30. Qd1 Rde8 31. Qf3 Rd7 (31... g5 $5 {[%cal Rg5f4]} 32. Nd3 Kg7 $11) 32. h4 {[%cal Bh3h4,Bh4h5][%mdl 32]} Red8 33. h5 Re8 34. Qg4 Rdd8 35. Qf3 Rd7 36. Qg4 Rdd8 37. Qd1 Rd7 38. Qd3 Rdd8 39. Rc5 Rd7 40. Rb1 Ne4 41. Rc2 Nd6 42. Qe2 Rdd8 43. Qf3 Rd7 44. Ne2 Rde7 45. Nc3 Nc4 46. Ra1 b5 (46... f5 $11 {remains equal.}) 47. axb5 $16 axb5 48. Ne2 Rc7 49. Ng3 Nd6 50. Ra6 Rec8 51. Qg4 Qe7 52. Rca2 Kh8 (52... Qd7 $142 53. Qg6 Qe7) 53. Ra8 Re8 54. Qg6 Rec8 55. R2a6 Qd8 56. R8a7 Rxa7 57. Rxa7 {[%csl Ga7][%cal Rg6g7]} Rc7 58. Ra2 Qb8 59. Qc2 Nc4 60. Ra6 Qf8 (60... Qc8 $142 61. Ra2 Qb8) 61. Nf5 ({White should play} 61. Qf5) 61... Qe8 (61... Qc8 $16 {was necessary.} 62. Ra1 Kg8) 62. g4 Qf8 63. Kg2 Qe8 {[#]} 64. f3 (64. Qa2 $1 $18 {and White stays clearly on top.} Qe4+ 65. Kg3) 64... Kg8 $2 (64... g6 $16 65. hxg6 Nxe3+ 66. Nxe3 Qxe3) 65. Kf2 $2 (65. Kh3 $18 {is more deadly.}) 65... Qb8 {[#]} (65... Kf7 $16 {keeps fighting.} 66. Qb1 Qc8) 66. Qa2 $1 $18 {Strongly threatening Ra8.} Ra7 $2 (66... Rc8) 67. f4 $2 (67. Rxa7 {White wants to mate with Ra8.} Qh2+ 68. Ke1 Qg1+ 69. Ke2) 67... Rxa6 68. Qxa6 {Precision: White = 47%, Black = 44%.} 1-0

[Event "World Team-ch 2017"]
[Site "Khanty-Mansyisk"]
[Date "2017.06.17"]
[Round "1"]
[White "Kravtsiv, Martyn"]
[Black "Dastan, Muhammed Batuhan"]
[Result "1/2-1/2"]
[WhiteElo "2653"]
[BlackElo "2519"]
[Annotator "TA"]
[PlyCount "61"]
[EventDate "2017.??.??"]
[EventType "team-tourn"]
[EventCountry "RUS"]
[SourceTitle "playchess.com"]
[Source "ChessBase"]
[SourceQuality "1"]
[WhiteTeam "UKR"]
[BlackTeam "TUR"]
[WhiteTeamCountry "UKR"]
[BlackTeamCountry "TUR"]

{[%evp 30,61,55,51,50,47,43,27,27,30,27,17,20,0,0,0,0,0,0,0,0,0,0,-10,-14,-5,7,10,0,0,4,0,0,-7]} 1. e4 c5 2. Nf3 d6 3. Bb5+ Nc6 4. O-O Bd7 5. Re1 Nf6 6. c3 a6 7. Bf1 Bg4 8. h3 Bxf3 9. Qxf3 g6 10. d3 Bg7 11. Be3 O-O {B51: Sicilian: Moscow Variation (3 Bb5+) without 3...Bd7} 12. Nd2 Nd7 13. Qd1 b5 {[%cal Bb7b5,Bb5b4][%mdl 32]} 14. Nf3 b4 15. Qa4 Qc7 16. d4 {LiveBook: 19 Games} Rfb8 {[#]} 17. Rec1 $146 ({Predecessor:} 17. Rab1 Na7 18. cxb4 Rxb4 19. Qc2 {½-½ (54) Efimenko,Z (2649)-Markos,J (2590) Slovakia 2014}) 17... e6 18. Qd1 bxc3 19. bxc3 Nf6 20. Nd2 d5 {The position is equal.} 21. Qc2 (21. e5 {seems wilder.} Nd7 22. Be2 c4 23. Rcb1 Rb5 24. a4) 21... dxe4 22. Nxe4 cxd4 23. cxd4 Rc8 24. Nxf6+ Bxf6 25. Qa4 Qd6 {[%cal Rc6d4]} 26. Rc4 Ne7 27. Rxc8+ Nxc8 28. Qe8+ Qf8 29. Qxf8+ Kxf8 30. Rb1 Ne7 31. Rb4 {Precision: White = 35%, Black = 96%.} 1/2-1/2